| 000 | 00558nam a22001457a 4500 | ||
|---|---|---|---|
| 003 | OSt | ||
| 005 | 20160310092057.0 | ||
| 008 | 160310b xxu||||| |||| 00| 0 eng d | ||
| 040 | _cRUA | ||
| 082 | _aLMA SOR 2014 B467 Or.1 | ||
| 100 |
_97864 _aSOR DEANG; ស ឌាង |
||
| 245 | _aStudy on procedure provincial spatial planning, សិក្សាអំពីការរៀបចំនីតិវិធីនៃផែនការរៀបចំដែនដីថ្នាក់ខេត្ត | ||
| 300 |
_aiv,84p. _bill. _c29cm. |
||
| 942 |
_2ddc _cLMA |
||
| 999 |
_c7459 _d7459 |
||